| 000 | 00933nam a2200301 a 4500 | ||
|---|---|---|---|
| 001 | 3482 | ||
| 003 | BD-RjUL | ||
| 005 | 20211208233734.0 | ||
| 008 | 131219s1992 enka 00| 0 eng d | ||
| 020 | _a0070194416 | ||
| 020 | _a007112604X (Internat.ed.) | ||
| 035 |
_aBNB issue 2217 _a(BD-RjUL)3516 |
||
| 040 |
_aBD-RjUL _beng _cBD-RjUL _dBD-RjUL |
||
| 041 | _aeng | ||
| 082 |
_a332.645 _220 _bEDF 1992 |
||
| 100 | 1 |
_aEdwards, Franklin R., _d1937- _910963 |
|
| 245 | 1 | 0 |
_aFutures and options / _cFranklin R. Edwards, Cindy W. Ma |
| 260 |
_aNew York ; _aLondon : _bMcGraw-Hill, _cc1992 |
||
| 300 |
_axxiv, 648 p : _bill ; _c24 cm |
||
| 504 | _aBibliography: p622-626. - Includes index | ||
| 650 | 0 |
_aFutures market _910964 |
|
| 650 | 0 |
_aHedging (Finance) _910965 |
|
| 650 | 0 |
_aOptions (Finance) _910966 |
|
| 700 | 1 |
_aMa, Cindy W. _910967 |
|
| 830 | 0 |
_aMcGraw-Hill series in finance _910969 |
|
| 942 |
_2ddc _cBK |
||
| 999 |
_c3482 _d3482 |
||